000 00687nam a2200265Ia 4500
003 OSt
005 20221006142550.0
006 a|||||r|||| 00| 0
007 ta
008 221006b |||||||| |||| 00| 0 eng d
020 _cP2.25
024 _a6,607
037 _cTextual
040 _aEASL
_cEASL
_beng
041 _2eng
_aeng
082 _aY:4:7.41.N69, L1
100 _aMyrdal Jan
245 0 _aChina
_b The revolution continued
260 _aLondon
_bChatto & Windus
_c1971
300 _a201p.
_ccm.
490 _v CEL
700 _a Kessle Gun
_9647936
942 _hY:4:7.41.N69, L1
_cTEXL
_2CC
999 _c1074693
_d1074693